[Event "GER-chT Christmas U20"]
[Site "Playchess.com INT"]
[Date "2020.12.29"]
[Round "1.1"]
[White "Mehlhorn, David"]
[Black "Schlangenotto, Niklas"]
[Result "0-1"]
[WhiteElo "1511"]
[BlackElo "2008"]
[PlyCount "28"]
[EventDate "2020.12.29"]
[EventType "team-swiss (blitz)"]
[EventRounds "7"]
[EventCountry "GER"]
[SourceTitle "CBM 200 Extra"]
[Source "ChessBase"]
[SourceDate "2021.03.31"]
[SourceVersion "1"]
[SourceVersionDate "2021.03.31"]
[SourceQuality "1"]
[WhiteTeam "Aschheim/Feldkirchen/Kirchheim"]
[BlackTeam "Paderborn Blauer Springer"]
[WhiteTeamCountry "GER"]
[BlackTeamCountry "GER"]

1. e4 Nc6 2. Nf3 f5 3. exf5 d5 4. b3 Bxf5 5. Bb2 Nf6 6. Bb5 e6 7. Nd4 Bd6 8. Nxc6 bxc6 9. Bxc6+ Kf7 10. Bxa8 Qxa8 11. Bxf6 gxf6 12. 0-0 Rg8 13. Nc3 d4 14. Ne2 Qxg2# 0-1

[Event "GER-chT Christmas U20"]
[Site "Playchess.com INT"]
[Date "2020.12.29"]
[Round "7.1"]
[White "Sinnhoefer, Jonas"]
[Black "Schlangenotto, Niklas"]
[Result "0-1"]
[WhiteElo "1919"]
[BlackElo "2008"]
[PlyCount "114"]
[EventDate "2020.12.29"]
[EventType "team-swiss (blitz)"]
[EventRounds "7"]
[EventCountry "GER"]
[SourceTitle "CBM 200 Extra"]
[Source "ChessBase"]
[SourceDate "2021.03.31"]
[SourceVersion "1"]
[SourceVersionDate "2021.03.31"]
[SourceQuality "1"]
[WhiteTeam "Delmenhorst"]
[BlackTeam "Paderborn Blauer Springer"]
[WhiteTeamCountry "GER"]
[BlackTeamCountry "GER"]

1. e4 Nc6 2. Nc3 e6 3. Nf3 d5 4. exd5 exd5 5. d4 Bb4 6. Bd3 Nge7 7. 0-0 0-0 8. a3 Bxc3 9. bxc3 f6 10. Re1 Bg4 11. h3 Bh5 12. Qe2 Re8 13. g4 Bg6 14. Bxg6 Nxg6 15. Qd3 Rxe1+ 16. Nxe1 Qd6 17. Qg3 Qxg3+ 18. fxg3 Na5 19. Kf2 Nc4 20. Nd3 Re8 21. Nf4 c6 22. Rb1 b6 23. a4 Re4 24. h4 Kf7 25. h5 Nf8 26. Ra1 Ne6 27. a5 Nxa5 28. Nxe6 Kxe6 29. Bf4 Kf7 30. Bd6 Rxg4 31. Bb4 Nc4 32. Rxa7+ Ke6 33. Rc7 Kf5 34. Rxc6 Nd2 35. Rxb6 Ne4+ 36. Kf1 Rxg3 37. Rb5 Ke6 38. Rb6+ Kf7 39. Rb7+ Ke6 40. Re7+ Kf5 41. Rd7 Nxc3 42. Bxc3 Rxc3 43. Rxd5+ Kg4 44. Rd7 g5 45. Rxh7 Rxc2 46. h6 Kf3 47. Ke1 f5 48. Re7 g4 49. h7 Rh2 50. d5 g3 51. d6 g2 52. Rg7 Rxh7 53. d7 Rxg7 54. d8Q g1Q+ 55. Kd2 Qe3+ 56. Kc2 Rg2+ 57. Kb1 Qe1+ 0-1

[Event "DSOL 03 Liga Gr-C 1st"]
[Site "Playchess.com INT"]
[Date "2020.07.13"]
[Round "4.1"]
[White "Schlangenotto, Niklas"]
[Black "Korten, Lando"]
[Result "1/2-1/2"]
[WhiteElo "1954"]
[BlackElo "2153"]
[PlyCount "44"]
[EventDate "2020.06.22"]
[EventType "team-tourn (rapid)"]
[EventCountry "GER"]
[SourceTitle "EXT 2021"]
[Source "ChessBase"]
[SourceDate "2020.10.23"]
[SourceVersion "1"]
[SourceVersionDate "2020.10.23"]
[SourceQuality "1"]
[WhiteTeam "Paderborn Blauer Springer"]
[BlackTeam "Unna SV"]
[WhiteTeamCountry "GER"]
[BlackTeamCountry "GER"]

1. e4 c5 2. d4 cxd4 3. c3 d3 4. Bxd3 d6 5. c4 g6 6. Nf3 Bg7 7. 0-0 Nc6 8. h3 Qc7 9. Qe2 b6 10. Be3 Bb7 11. Rd1 Rc8 12. a3 Nf6 13. Nc3 Nd7 14. Nd5 Qb8 15. Rac1 0-0 16. Bb1 e6 17. Nc3 Nc5 18. b4 Nb3 19. Rc2 Na1 20. Rcc1 Nb3 21. Rc2 Na1 22. Rcc1 Nb3 1/2-1/2

[Event "GER-chT School WK 2"]
[Site "Playchess.com INT"]
[Date "2020.06.15"]
[Round "6.1"]
[White "Schlangenotto, Niklas"]
[Black "Engel, Luis"]
[Result "0-1"]
[WhiteElo "1923"]
[BlackElo "1982"]
[PlyCount "86"]
[EventDate "2020.06.08"]
[EventType "team-swiss (blitz)"]
[EventRounds "7"]
[EventCountry "GER"]
[SourceTitle "EXT 2021"]
[Source "ChessBase"]
[SourceDate "2020.10.23"]
[SourceVersion "1"]
[SourceVersionDate "2020.10.23"]
[SourceQuality "1"]
[WhiteTeam "Paderborn Pelizaeus"]
[BlackTeam "Hamburg Privates Gymn"]
[WhiteTeamCountry "GER"]
[BlackTeamCountry "GER"]

1. e4 c5 2. d4 cxd4 3. c3 Nf6 4. e5 Nd5 5. Nf3 Nc6 6. cxd4 d6 7. Bc4 dxe5 8. Nxe5 e6 9. 0-0 Be7 10. Re1 0-0 11. Nc3 Nxe5 12. Rxe5 Nxc3 13. bxc3 Bd6 14. Rh5 g6 15. Rh6 Qc7 16. Qd3 Bd7 17. Bg5 Bf4 18. Bxf4 Qxf4 19. Rh3 Rac8 20. Re1 Rc7 21. Rf3 Qg5 22. h4 Qxh4 23. Re4 Qg5 24. Re5 Qc1+ 25. Kh2 Rfc8 26. Rc5 Qh6+ 27. Rh3 Qf4+ 28. Kg1 Rxc5 29. dxc5 Rxc5 30. Qxd7 Rxc4 31. Qe8+ Kg7 32. Rf3 Qc1+ 33. Kh2 Rh4+ 34. Rh3 Rxh3+ 35. gxh3 Qxc3 36. Qd7 Qe5+ 37. Kg1 Qg5+ 38. Kh2 Qf4+ 39. Kg1 Qe4 40. Qd2 e5 41. Qd6 Qd4 42. Qe7 b5 43. Qb7 b4 0-1

[Event "GER-chT School WK 2"]
[Site "Playchess.com INT"]
[Date "2020.06.08"]
[Round "3.1"]
[White "Schlangenotto, Niklas"]
[Black "Weishaeutel, Moritz"]
[Result "0-1"]
[WhiteElo "1923"]
[BlackElo "2049"]
[PlyCount "55"]
[EventDate "2020.06.08"]
[EventType "team-swiss (blitz)"]
[EventRounds "7"]
[EventCountry "GER"]
[SourceTitle "EXT 2021"]
[Source "ChessBase"]
[SourceDate "2020.10.23"]
[SourceVersion "1"]
[SourceVersionDate "2020.10.23"]
[SourceQuality "1"]
[WhiteTeam "Paderborn Pelizaeus"]
[BlackTeam "Erfurt Alb Schweitzer Gymn"]
[WhiteTeamCountry "GER"]
[BlackTeamCountry "GER"]

1. e4 c5 2. d4 cxd4 3. c3 Nf6 4. e5 Nd5 5. Nf3 Nc6 6. cxd4 d6 7. Bc4 dxe5 8. Nxe5 e6 9. 0-0 Be7 10. Re1 0-0 11. Nc3 Nxc3 12. bxc3 Nxe5 13. Rxe5 Bd6 14. Rh5 Qc7 15. Bd3 g6 16. Rh6 Qxc3 17. Be3 Bd7 18. Rc1 Qa5 19. Qg4 Rac8 20. Rxc8 Rxc8 21. h4 Qe1+ 22. Bf1 Bb5 23. Bf4 Qxf1+ 24. Kh2 Bf8 25. h5 Bxh6 26. Bxh6 Qxf2 27. hxg6 hxg6 28. Bf4 0-1

[Event "GER-chT U14"]
[Site "Duesseldorf"]
[Date "2016.12.29"]
[Round "5.2"]
[White "Mimkes, Pavel"]
[Black "Schlangenotto, Niklas"]
[Result "0-1"]
[WhiteElo "1418"]
[BlackElo "1641"]
[PlyCount "70"]
[EventDate "2016.12.27"]
[EventType "team-swiss"]
[EventRounds "7"]
[EventCountry "GER"]
[SourceTitle "EXT 2018"]
[Source "ChessBase"]
[SourceDate "2017.10.13"]
[SourceVersion "1"]
[SourceVersionDate "2017.10.13"]
[SourceQuality "1"]
[WhiteTeam "Goettingen Rochade U14"]
[BlackTeam "Paderborn Blauer Springer U14"]
[WhiteTeamCountry "GER"]
[BlackTeamCountry "GER"]

1. e4 e6 2. Nc3 d5 3. d3 Nf6 4. f4 Bb4 5. Bd2 0-0 6. e5 Nfd7 7. d4 Be7 8. Nf3 a6 9. a4 c5 10. Ne2 Nc6 11. c3 Rb8 12. dxc5 Nxc5 13. Ned4 Nxd4 14. Nxd4 f6 15. b4 Ne4 16. Bd3 fxe5 17. Bxe4 dxe4 18. fxe5 Bh4+ 19. g3 Bg5 20. Qc2 e3 21. 0-0-0 exd2+ 22. Kb1 Qd5 23. h4 Bh6 24. g4 Be3 25. Rh3 Bxd4 26. Rxd2 Qc4 27. Rhd3 Bxe5 28. Rd8 Qxc3 29. Qe4 Qa1+ 30. Kc2 Qxa4+ 31. Kc1 Qa1+ 32. Kc2 Bd7 33. Rxb8 Rxb8 34. Rd3 Rc8+ 35. Kd2 Qc1+ 0-1

[Event "GER-chT U14"]
[Site "Verden"]
[Date "2015.12.30"]
[Round "7.2"]
[White "Kipke, Kevin"]
[Black "Schlangenotto, Niklas"]
[Result "1/2-1/2"]
[WhiteElo "1580"]
[BlackElo "1661"]
[PlyCount "54"]
[EventDate "2015.12.27"]
[EventType "team-swiss"]
[EventRounds "7"]
[EventCountry "GER"]
[SourceTitle "EXT 2017"]
[Source "ChessBase"]
[SourceDate "2016.10.25"]
[SourceVersion "1"]
[SourceVersionDate "2016.10.25"]
[SourceQuality "1"]
[WhiteTeam "Koenigsspringer"]
[BlackTeam "Paderborn Blauer Springer"]
[WhiteTeamCountry "GER"]
[BlackTeamCountry "GER"]

1. e4 e6 2. d4 d5 3. e5 c5 4. Qg4 cxd4 5. Nf3 Nc6 6. Bd3 Qc7 7. Qg3 Nge7 8. 0-0 Bd7 9. Re1 a6 10. Nbd2 b5 11. Nb3 Qb6 12. Qg4 Rc8 13. Qh5 g6 14. Qh4 h6 15. Qf6 Rg8 16. Qh4 Qc7 17. Bd2 Nf5 18. Bxf5 exf5 19. Nfxd4 Nxd4 20. Nxd4 Be6 21. Re3 Qe7 22. Qh3 f4 23. Nxe6 fxe3 24. Ng7+ Kd8 25. Ba5+ Rc7 26. Qxe3 Kc8 27. Bxc7 Kxc7 1/2-1/2

[Event "GER-chT U14"]
[Site "Verden"]
[Date "2015.12.29"]
[Round "5.2"]
[White "Salem Elier, Ali"]
[Black "Schlangenotto, Niklas"]
[Result "1-0"]
[WhiteElo "1567"]
[BlackElo "1661"]
[PlyCount "135"]
[EventDate "2015.12.27"]
[EventType "team-swiss"]
[EventRounds "7"]
[EventCountry "GER"]
[SourceTitle "EXT 2017"]
[Source "ChessBase"]
[SourceDate "2016.10.25"]
[SourceVersion "1"]
[SourceVersionDate "2016.10.25"]
[SourceQuality "1"]
[WhiteTeam "Brackel"]
[BlackTeam "Paderborn Blauer Springer"]
[WhiteTeamCountry "GER"]
[BlackTeamCountry "GER"]

1. e4 e6 2. d4 d5 3. Nd2 a6 4. g3 Nf6 5. e5 Nfd7 6. f4 c5 7. c3 Nc6 8. Ndf3 Be7 9. Bd3 0-0 10. Kf2 Qb6 11. Kg2 f6 12. h4 h6 13. Bc2 c4 14. g4 fxe5 15. fxe5 Ndxe5 16. dxe5 Nxe5 17. g5 Ng4 18. Qd4 Qxd4 19. cxd4 b5 20. Bd2 Bb7 21. Kg3 h5 22. Bg6 Bd6+ 23. Kg2 Bf4 24. Bxh5 Ne3+ 25. Bxe3 Bxe3 26. Re1 Bxg1 27. Rhxg1 Bc8 28. Re2 Ra7 29. Kg3 a5 30. Ne5 b4 31. Rgg2 c3 32. bxc3 bxc3 33. Re3 Rc7 34. Rc2 Kh7 35. Rexc3 Rxc3+ 36. Rxc3 Ba6 37. Ra3 Bc4 38. Rxa5 Rb8 39. Ra3 Rc8 40. Bf7 Be2 41. Bxe6 Rf8 42. Re3 Bh5 43. Bxd5 g6 44. Ng4 Bxg4 45. Kxg4 Rd8 46. Re5 Kh8 47. a4 Rd6 48. Kf4 Ra6 49. Bb3 Ra7 50. Ke4 Re7 51. Bc2 Rd7 52. Re6 Kg7 53. Ke5 Ra7 54. Rxg6+ Kf7 55. Rf6+ Ke7 56. d5 Ra5 57. g6 Rxd5+ 58. Kxd5 Kxf6 59. a5 Ke7 60. a6 Kf6 61. a7 Ke7 62. a8Q Kd7 63. Qc6+ Ke7 64. Qe6+ Kd8 65. g7 Kc7 66. Kc5 Kb8 67. Kb6 Ka8 68. g8Q# 1-0

[Event "GER-chT U14"]
[Site "Verden"]
[Date "2015.12.28"]
[Round "3.2"]
[White "Grimm, Ling Leander"]
[Black "Schlangenotto, Niklas"]
[Result "1-0"]
[WhiteElo "1561"]
[BlackElo "1661"]
[PlyCount "75"]
[EventDate "2015.12.27"]
[EventType "team-swiss"]
[EventRounds "7"]
[EventCountry "GER"]
[SourceTitle "EXT 2017"]
[Source "ChessBase"]
[SourceDate "2016.10.25"]
[SourceVersion "1"]
[SourceVersionDate "2016.10.25"]
[SourceQuality "1"]
[WhiteTeam "Bebenhausen"]
[BlackTeam "Paderborn Blauer Springer"]
[WhiteTeamCountry "GER"]
[BlackTeamCountry "GER"]

1. e4 e6 2. Nf3 d5 3. e5 c5 4. b4 cxb4 5. a3 Nc6 6. axb4 Bxb4 7. c3 Be7 8. d4 Bd7 9. Bd3 a6 10. h4 h6 11. g3 Qc7 12. 0-0 Rc8 13. h5 Na5 14. Qe2 b5 15. Nh4 Bxh4 16. gxh4 Ne7 17. Ba3 Nc4 18. Kh1 Nf5 19. Qg4 Rg8 20. Bc1 Ke7 21. Rxa6 Qb7 22. Ra1 Nb6 23. Na3 Nc4 24. Nxc4 dxc4+ 25. Be4 Bc6 26. f3 Bxe4 27. fxe4 Qxe4+ 28. Qxe4 Ng3+ 29. Kg2 Nxe4 30. Ra7+ Kd8 31. Rfxf7 Nxc3 32. Rad7+ Ke8 33. Rfe7+ Kf8 34. Ba3 Nd5 35. Rxd5 exd5 36. Rc7+ Ke8 37. Rxc8+ Kf7 38. e6+ 1-0

[Event "GER-chT U12"]
[Site "Verden"]
[Date "2014.12.29"]
[Round "5.1"]
[White "Schlangenotto, Niklas"]
[Black "Chernykh, Arkady"]
[Result "1/2-1/2"]
[WhiteElo "1549"]
[BlackElo "1426"]
[PlyCount "58"]
[EventDate "2014.12.27"]
[EventType "team-swiss"]
[EventRounds "7"]
[EventCountry "GER"]
[SourceTitle "EXT 2016"]
[Source "ChessBase"]
[SourceDate "2015.10.08"]
[SourceVersion "1"]
[SourceVersionDate "2015.10.08"]
[SourceQuality "1"]
[WhiteTeam "Paderborn"]
[BlackTeam "Karlsruhe"]
[WhiteTeamCountry "GER"]
[BlackTeamCountry "GER"]

1. d4 Nf6 2. c4 g6 3. Nc3 Bg7 4. Nf3 d6 5. g3 Nc6 6. Bg2 0-0 7. 0-0 e5 8. d5 Ne7 9. e4 Nd7 10. Ne1 f5 11. Nd3 Nf6 12. f3 Kh8 13. Be3 Nh5 14. Rb1 f4 15. Bf2 g5 16. g4 Nf6 17. b4 Bd7 18. c5 Ng6 19. a4 Qc8 20. h3 Kg8 21. Rc1 Rb8 22. b5 Be8 23. Re1 Rf7 24. Re2 a5 25. Rec2 b6 26. cxb6 cxb6 27. Na2 Nd7 28. Nb2 Bf8 29. Kh2 Nc5 1/2-1/2

[Event "GER-chT U12"]
[Site "Schney"]
[Date "2013.12.30"]
[Round "7.3"]
[White "Schlangenotto, Niklas"]
[Black "Salem Elier, Ali"]
[Result "1-0"]
[WhiteElo "1417"]
[BlackElo "1206"]
[PlyCount "35"]
[EventDate "2013.12.27"]
[EventType "team-swiss"]
[EventRounds "7"]
[EventCountry "GER"]
[SourceTitle "EXT 2015"]
[Source "ChessBase"]
[SourceDate "2014.11.20"]
[SourceVersion "1"]
[SourceVersionDate "2014.11.20"]
[SourceQuality "1"]
[WhiteTeam "Paderborn"]
[BlackTeam "Brackel"]
[WhiteTeamCountry "GER"]
[BlackTeamCountry "GER"]

1. d4 Nf6 2. Nc3 g6 3. e4 d6 4. f4 Bg7 5. Nf3 0-0 6. Bc4 c5 7. d5 e6 8. e5 Ne8 9. 0-0 exd5 10. Nxd5 dxe5 11. fxe5 Bg4 12. Bg5 Bxf3 13. Bxd8 Bxd1 14. Raxd1 Bxe5 15. Be7 Bg7 16. Bxf8 Bxf8 17. Nf6+ Nxf6 18. Rxf6 1-0

[Event "GER-chT U12"]
[Site "Schney"]
[Date "2013.12.29"]
[Round "5.3"]
[White "Hardt, Silas"]
[Black "Schlangenotto, Niklas"]
[Result "1/2-1/2"]
[WhiteElo "1305"]
[BlackElo "1417"]
[PlyCount "55"]
[EventDate "2013.12.27"]
[EventType "team-swiss"]
[EventRounds "7"]
[EventCountry "GER"]
[SourceTitle "EXT 2015"]
[Source "ChessBase"]
[SourceDate "2014.11.20"]
[SourceVersion "1"]
[SourceVersionDate "2014.11.20"]
[SourceQuality "1"]
[WhiteTeam "Halver Schalksmuehle"]
[BlackTeam "Paderborn"]
[WhiteTeamCountry "GER"]
[BlackTeamCountry "GER"]

1. d4 Nf6 2. Nf3 g6 3. Bf4 Bg7 4. e3 0-0 5. Be2 d6 6. h3 Re8 7. 0-0 Nbd7 8. Nbd2 e5 9. Bh2 h6 10. Nc4 e4 11. Nfd2 d5 12. Na3 a6 13. c4 Nb6 14. Rc1 Re7 15. Nab1 Be6 16. cxd5 Bxd5 17. Nc3 Rc8 18. Nxd5 Nfxd5 19. a3 f5 20. Nc4 Nxc4 21. Bxc4 Rd7 22. Qc2 Kh7 23. Qb3 c6 24. Rc2 b5 25. Bxd5 Rxd5 26. Rfc1 Qb6 27. a4 g5 28. g3 1/2-1/2

[Event "GER-chT U10"]
[Site "Magdeburg"]
[Date "2012.12.28"]
[Round "5.2"]
[White "Pirl, Niklas"]
[Black "Schlangenotto, Niklas"]
[Result "1-0"]
[WhiteElo "1257"]
[BlackElo "1166"]
[PlyCount "73"]
[EventDate "2012.12.27"]
[EventType "team-swiss"]
[EventRounds "7"]
[EventCountry "GER"]
[SourceTitle "EXT 2014"]
[Source "ChessBase"]
[SourceDate "2013.11.20"]
[SourceVersion "1"]
[SourceVersionDate "2013.11.20"]
[SourceQuality "1"]
[WhiteTeam "Leipzig BSG"]
[BlackTeam "Paderborn Blauer Springer"]
[WhiteTeamCountry "GER"]
[BlackTeamCountry "GER"]

1. d4 Nf6 2. c4 g6 3. Nf3 Bg7 4. Nc3 d6 5. e3 0-0 6. Be2 Nbd7 7. 0-0 e5 8. Re1 b6 9. Qc2 Bb7 10. d5 Ne8 11. e4 f5 12. Ng5 Nc5 13. b4 h6 14. bxc5 hxg5 15. c6 Ba6 16. exf5 gxf5 17. Bh5 Bxc4 18. Bxe8 Qxe8 19. Bxg5 Qg6 20. Bd2 e4 21. Rad1 Bd3 22. Qc1 Be5 23. Bf4 Bf6 24. Re3 Bh4 25. Rh3 Qg4 26. Bg3 Bxg3 27. Rxg3 Qxg3 28. hxg3 Kf7 29. f3 Rh8 30. fxe4 fxe4 31. Qf4+ Ke7 32. Nxe4 Bc2 33. Re1 Raf8 34. Qg5+ Kf7 35. Qf5+ Ke8 36. Nxd6+ Kd8 37. Qd7# 1-0